Online
Catalog

La sociedad tecnológica : (Record no. 24556)

MARC details
000 -CABECERA
campo de control de longitud fija 01123nam a2200313 a 4500
001 - NÚMERO DE CONTROL
campo de control 000025063
005 - FECHA Y HORA DE LA ÚLTIMA TRANSACCIÓN
campo de control 20250526115843.0
008 - DATOS DE LONGITUD FIJA--INFORMACIÓN GENERAL
campo de control de longitud fija 110209s1975 ve r 000 0 spa d
040 ## - FUENTE DE LA CATALOGACIÓN
Centro catalogador/agencia de origen DO-SdBNP
Lengua de catalogación spa
Centro/agencia transcriptor BNPHU
082 ## - NÚMERO DE LA CLASIFICACIÓN DECIMAL DEWEY
Número de clasificación 301.243
Número de documento/Ítem S678
049 ## - FONDOS LOCALES (OCLC)
Fondos de biblioteca BNPHU
245 01 - MENCIÓN DE TÍTULO
Título La sociedad tecnológica :
Resto del título camino al desastre? /
Mención de responsabilidad, etc. Oskar Schatz ... [et al.].
260 ## - PUBLICACIÓN, DISTRIBUCIÓN, ETC.
Lugar de publicación, distribución, etc. Caracas, Venezuela :
Nombre del editor, distribuidor, etc. Monte Ávila Editores,
Fecha de publicación, distribución, etc. 1975.
300 ## - DESCRIPCIÓN FÍSICA
Extensión 233 p. ;
Dimensiones 18 cm.
490 1# - MENCIÓN DE SERIE
Mención de serie Letra viva
500 ## - NOTA GENERAL
Nota general Coloquio realizado en Salzburgo, Austria sobre las contradicciones de la sociedad tecnológica desde el punto de vista crítico y humanístico.
650 #4 - PUNTO DE ACCESO ADICIONAL DE MATERIA--TÉRMINO DE MATERIA
Término de materia o nombre geográfico como elemento de entrada Tecnología
Subdivisión general Aspecto social
9 (RLIN) 49627
700 1# - PUNTO DE ACCESO ADICIONAL--NOMBRE DE PERSONA
Nombre de persona Schatz, Oskar
9 (RLIN) 51427
700 1# - PUNTO DE ACCESO ADICIONAL--NOMBRE DE PERSONA
Nombre de persona Rein, Mercedes
Término indicativo de función/relación tr.
9 (RLIN) 51428
700 1# - PUNTO DE ACCESO ADICIONAL--NOMBRE DE PERSONA
Nombre de persona Marcuse, Herbert,
Fechas asociadas al nombre 1898-1979
9 (RLIN) 5128
700 1# - PUNTO DE ACCESO ADICIONAL--NOMBRE DE PERSONA
Nombre de persona Fromm, Erich
9 (RLIN) 51429
700 1# - PUNTO DE ACCESO ADICIONAL--NOMBRE DE PERSONA
Nombre de persona Siguan Soler, Miguel
9 (RLIN) 51430
700 1# - PUNTO DE ACCESO ADICIONAL--NOMBRE DE PERSONA
Nombre de persona Leser, Norbert
9 (RLIN) 51431
700 1# - PUNTO DE ACCESO ADICIONAL--NOMBRE DE PERSONA
Nombre de persona Heimendahl, Eckhart
9 (RLIN) 51432
700 1# - PUNTO DE ACCESO ADICIONAL--NOMBRE DE PERSONA
Nombre de persona Kofler, Leo
9 (RLIN) 51433
700 1# - PUNTO DE ACCESO ADICIONAL--NOMBRE DE PERSONA
Nombre de persona Rosenberg, Alfons
9 (RLIN) 51434
700 1# - PUNTO DE ACCESO ADICIONAL--NOMBRE DE PERSONA
Nombre de persona Marcovic, Mihailo
9 (RLIN) 51435
830 #0 - PUNTO DE ACCESO ADICIONAL DE SERIE-TÍTULO UNIFORME
Título uniforme Letra viva
9 (RLIN) 5252
Holdings
Estado de retiro Estado de pérdida Restricciones de uso No para préstamo Código de colección Localización permanente Ubicación/localización actual Ubicación en estantería Fecha de adquisición Número de inventario Total de préstamos Signatura topográfica completa Código de barras Fecha visto por última vez Precio válido a partir de Tipo de ítem Koha
        Monografías: Libros y Folletos General General En catalogación 09.02.2011 LF1   301.243 S678 25063-10 25.06.2020 25.06.2020 Préstamo en sala

Powered by Koha